00731nam a22002417a 450000500170000001000110001702000100002803500110003803700160004904000120006508200150007710000270009224500430011926000480016227000140021030000270022450000200025165000280027165000270029994200240032699900190035095201200036920170124110203.0 a033888 c00.00 a033888 bCen Lib/Ret aDPLbEN a027.4bBRY aBryan, Alice I.936690 aPublic librarian /cby Alice I. Bryan  aNew York bColumbia University Press c1952 bNew York  axxvii, 474p.c19cm(Hb) aIncludes index  aLibrary science 936691 aPublic library 936692 2ddccENh027.4mBRY c133061d133061 00104070aLbLd2015-07-24eCen Lib/Retg0.00l0o027.4 BRYp033888r2015-07-24 00:00:00t1v0.00w2015-07-24yEN